Les 20 clubs avec les effectifs achetés les plus chers. - Statistiques

Statistiques générales
  • Ce quiz a été pris 600 fois
  • Le résultat moyen est 16 sur 20
Statistiques - réponses
Montants
en euros
Clubs Championnats % Correct
967 900 000 Manchester City Premier League
99%
698 900 000 PSG Ligue 1
99%
482 500 000 Barcelone Liga
98%
996 790 000 Chelsea Premier League
98%
876 280 000 Manchester United Premier League
98%
638 900 000 Real Madrid Liga
98%
448 500 000 Bayern Bundesliga
97%
444 750 000 Juventus Serie A
97%
709 050 000 Liverpool Premier League
96%
531 560 000 Arsenal Premier League
94%
312 540 000 Inter Milan Serie A
90%
390 350 000 Tottenham Premier League
87%
356 000 000 Atletico Madrid Liga
86%
458 950 000 Newcastle Premier League
79%
341 630 000 Aston Villa Premier League
70%
379 750 000 West Ham Premier League
68%
343 800 000 Napoli Serie A
52%
327 700 000 Borussia Dortmund Bundesliga
47%
362 140 000 Leicester Premier League
45%
353 900 000 Wolverhampton Premier League
23%
Aucun quiz correspondant
Distribution des résultats
% des personnes avec chaque résultat
Percentile par nombre de réponses
Votre historique - résultats
Vous n’avez pas pris ce quiz